| 000 | 00757cab a2200229 4500 | ||
|---|---|---|---|
| 001 | WB2722-29 | ||
| 008 | 090401t1991 xxu||||| |||| 00| 0 eng d | ||
| 035 | _a(Sirsi) u1937 | ||
| 041 | _aeng | ||
| 245 | _aRent plan | ||
| 260 | _c1991 | ||
| 350 | _a0 | ||
| 490 |
_aDaily Telegraph _v6/6/91 p8 |
||
| 490 |
_aDoE News Release _v(346) 5 June 1991 (2) |
||
| 520 | _aThe government has launched a plan to bring many of the 600,000 empty private homes in England back into use by housing associations acting as intermediaries between tenants and private owners who might otherwise not let their properties. | ||
| 650 | _aEMPTY PROPERTY | ||
| 650 | _aHOMELESSNESS | ||
| 650 | _aRENTED HOUSING | ||
| 690 | _aHOUSING | ||
| 942 | _n0 | ||
| 948 | _c04/03/1997 | ||
| 999 |
_c1139 _d1139 |
||